00787nam a22001817a 450000500170000000800410001702000350005802000290009304100080012204400070013008200190013711000700015624501350022626000500036130000330041149001000044465000610054420130715120046.0130715b2007 ck ||||| |||| 00| 0 spa d a9789589849415 (Obra completa). a9789589849439 (Volumen). aspa ack a333.917bC822p aColombia. bCorporación Autónoma Regional de la Orinoquía.  aPlan de Ordenación y Manejo Ambiental de la Cuenca del Río Cravo Sur. c Corporación Autónoma Regional de la Orinoquía.  a [Bogotá] : b Corporinoquía. c [2007].  a74 p. bil. mapas. c24 cm.  a Plan de ordenación y manejo ambiental de las cuencas hidrográficas de la Orinoquía. v5. 6aCuencas hidrográficas.x Cravo Sur (Río, Colombia).